000
00410nam a22001697a 4500
003
MPLRDC
005
20220104143158.0
008
210129b ||||| |||| 00| 0 eng d
082
_a
448.86 CGTN
100
_a
长冈铁男
245
_a
图解扬声器
_c
王明渊译
250
_a
初版
260
_a
_b
正言出版社
_c
1979
300
_b
平
650
_a
广播--扬声器
942
_c
BK
_o
448.86 CGTN
999
_c
37392
_d
37382